|
|
|
|
| LEADER |
01505nam a2200277 a 4500 |
| 001 |
0020172 |
| 003 |
BD-DhAAL |
| 008 |
100425s1968 enka b 000 0 eng d |
| 010 |
|
|
|a 68090312
|
| 040 |
|
|
|a DLC
|c DLC
|d DLC
|d BD-DhAAL
|
| 082 |
0 |
0 |
|a 621.313
|2 17
|
| 100 |
1 |
|
|a O'Kelley, Denis.
|9 58942
|
| 245 |
1 |
0 |
|a Introduction to generalized electrical machine theory /
|c D. O'Kelley and S. Simmons.
|
| 260 |
|
|
|a London,
|a New York,
|b McGraw-Hill,
|c 1968.
|
| 300 |
|
|
|a xii, 299 p :
|b illus. ;
|c 23 cm
|
| 490 |
0 |
|
|a McGraw-Hill European electrical engineering series
|
| 504 |
|
|
|a Includes bibliographical references (p. [294]).
|
| 526 |
|
|
|a EEE
|x Md Sayeed Salam
Department of Electrical and Electronic Engineering
BRAC University
Course Name : Generalized Machine Theory (EEE 573)
|
| 541 |
1 |
|
|a Trim Education
|e 0020172, 0020231
|
| 650 |
|
0 |
|a Electric machinery.
|
| 700 |
1 |
|
|a Simmons, S.,
|e joint author.
|9 58943
|
| 852 |
4 |
|
|a Ayesha Abed Library
|c General Stacks
|
| 942 |
|
|
|2 ddc
|c BK
|
| 999 |
|
|
|c 8233
|d 8233
|
| 952 |
|
|
|0 0
|1 0
|2 ddc
|4 0
|6 621_313000000000000_OKE_1968
|7 0
|9 9438
|a BRACUL
|b BRACUL
|c GEN
|d 2010-04-25
|l 0
|o 621.313 OKE
|p 3010020172
|r 2010-04-25
|t 1
|w 2010-04-25
|y BK
|
| 952 |
|
|
|0 0
|1 0
|2 ddc
|4 0
|6 621_313000000000000_OKE_1968
|7 0
|9 10169
|a BRACUL
|b BRACUL
|c GEN
|d 2010-05-16
|e Trim Education
|g 13990.00
|l 1
|o 621.313 OKE
|p 3010020231
|r 2016-05-22
|s 2016-05-17
|t 2
|v 27980.00
|w 2010-05-16
|y BK
|x Requisitioned by Md Sayeed Salam (Department of Electrical and Electronic Engineering) for the course named - "Generalized Machine Theory (EEE 573)"
|